Etica para la bioética y a ratos para la política

Salvato in:
Dettagli Bibliografici
Autore principale: Valls, Ramón (Autore)
Natura: Libro
Lingua:spagnolo
Pubblicazione: Barcelona Gedisa 2003
Edizione:1a. ed
Serie:Bioética
Soggetti:
Tags: Aggiungi Tag
Nessun Tag, puoi essere il primo ad aggiungerne!!

MARC

LEADER 00000nam a2200000 a 4500
001 UCL7734
003 CL-VaPUC
008 040528e20030300SP |||||||||||||||||spa|d
020 |a 8474329787 
082 0 4 |a 174.957  |b VAL  |2 21 
100 0 |a Valls, Ramón  |e author  |9 485670 
245 1 0 |a Etica para la bioética y a ratos para la política 
250 |a 1a. ed 
300 |a 223 p 
942 |c BK 
945 |d 20040528 00:00:00  |a cmena 
260 |a Barcelona  |b Gedisa  |c 2003 
650 0 |a Bioética  |9 256117 
650 0 |a Ética  |9 255099 
583 |a last modification  |c 20040528 00:00:00  |k Rodrigo Vera 
490 0 |a Bioética 
999 |c 309355  |d 309353 
952 |0 0  |1 0  |4 0  |6 174_957000000000000_VAL_2003  |7 0  |8 A  |9 376783  |a BIBDER  |b BIBDER  |d 2019-11-21  |i 4016718  |o 174.957 VAL 2003  |p 4016718  |r 2023-01-25  |w 2019-11-21  |y BK  |k DER 
952 |0 0  |1 0  |4 0  |6 174_957000000000000_VAL_2003  |7 0  |8 A  |9 376784  |a BIBTEO  |b BIBTEO  |d 2019-11-21  |i 4135458  |o 174.957 VAL 2003  |p 4135458  |r 2025-01-17  |w 2019-11-21  |y BK  |k ICR